Bulletin of the American Society for Information Science
| New Title: | American Society for Information Science. ASIS news Bulletin of the American Society for Information Science and Technology (Online) |
|---|---|
| Previous Title: | ASIS newsletter |
| Corporate Author: | |
| Format: | Electronic Journal |
| Language: | English |
| Published: |
Washington, D.C. :
American Society for Information Science
[Malden, MA] : [John Wiley & Sons] |
| Subjects: | |
| Online Access: | Full text available from Research Library: 12/01/1987 to 2000 |
MARC
| LEADER | 00000nas a2200000 a 4500 | ||
|---|---|---|---|
| 001 | ssj0001234 | ||
| 003 | WaSeSS | ||
| 005 | 20200512172242.0 | ||
| 006 | m d | ||
| 007 | cr n | ||
| 008 | 980209d19742000mdubr p s 0 a0eng | ||
| 010 | |a 2006238923 | ||
| 022 | |a 2163-4289 |y 0095-4403 | ||
| 035 | |a (WaSeSS)ssj0001234 | ||
| 040 | |a FGA |b eng |c FGA |d OCL |d OCLCQ |d YBM |d YUH |d OCLCQ |d IUL |d OCLCE |d DLC |d OCLCQ |d OCLCO |d OCLCQ |d OCLCF |d OCLCO |d OCLCQ |d OCLCO |d OCLCQ |d ZAC |d OCLCO |d OCLCA |d U3W |d OCLCO |d AU@ |d OCLCO |d WYU |d OCLCO |d OCLCA |d TKN |d OCLCO |d WaSeSS | ||
| 042 | |a pcc |a nsdp | ||
| 050 | 1 | 4 | |a Z699.A1 |b A6242a |
| 082 | 1 | 0 | |a 020.6 |2 14 |
| 130 | 0 | |a Bulletin of the American Society for Information Science (Online) | |
| 210 | 0 | |a Bull. Am. Soc. Inf. Sci. |b (Online) | |
| 222 | 0 | |a Bulletin of the American Society for Information Science |b (Online) | |
| 245 | 1 | 0 | |a Bulletin of the American Society for Information Science |h [electronic resource]. |
| 246 | 3 | 0 | |a Bulletin |
| 246 | 1 | |i ProQuest Web site issues list has caption title: |a Bulletin of the American Society for Information Science and Technology | |
| 260 | |a Washington, D.C. : |b American Society for Information Science | ||
| 260 | 3 | |3 <2011-> : |a [Malden, MA] : |b [John Wiley & Sons] | |
| 310 | |a Bimonthly, |b Oct. 1976-2000 | ||
| 321 | |a Ten no. a year, |b 1974-May 1975 | ||
| 321 | |a Eight no. a year, |b June 1975-Mar. 1976 | ||
| 362 | 1 | |a Print began with vol. 1, no. 1 (June/July 1974). | |
| 362 | 0 | |a -v. 27, no. 1 (Oct./Nov. 2000). | |
| 500 | |a Published in Wiley Online Library under current title - Bulletin of the American Society for Information Science and Technology. | ||
| 500 | |a Published: Washington, D.C. : American Society for Information Science, 1974- ; published: Silver Spring, MD : American Society for Information Science, -2000. | ||
| 506 | |a License restrictions may limit access. | ||
| 588 | |a Description based on: Vol. 14, no. 2 (Dec./Jan. 1988); title from PDF image (ProQuest; viewed 11/9/2006). | ||
| 588 | |a Latest issue consulted: Vol. 27, no. 1 (Oct./Nov. 2000); title from PDF running title (Wiley Online Library, viewed Sep. 6, 2011). | ||
| 610 | 2 | 0 | |a American Society for Information Science |v Periodicals. |
| 610 | 2 | 7 | |a American Society for Information Science. |2 fast |0 (OCoLC)fst00547367 |
| 650 | 0 | |a Information science |v Periodicals. | |
| 650 | 6 | |a Sciences de l'information |v Périodiques. | |
| 650 | 7 | |a Information science. |2 fast |0 (OCoLC)fst00972640 | |
| 650 | 1 | 7 | |a Informatiewetenschap. |2 gtt |
| 650 | 2 | |a Information Science |v Periodicals. | |
| 650 | 2 | |a Information Science. | |
| 655 | 0 | |a Electronic journals. | |
| 710 | 2 | |a American Society for Information Science. | |
| 776 | 1 | |t Bulletin of the American Society for Information Science |x 0095-4403 |w (DLC) 74648886 |w (OCoLC)1796756 | |
| 780 | 0 | 0 | |t ASIS newsletter |
| 785 | 0 | 1 | |a American Society for Information Science. |t ASIS news |g Apr. 1981 |
| 785 | 0 | 0 | |t Bulletin of the American Society for Information Science and Technology (Online) |x 1550-8366 |w (DLC) 2004210601 |w (OCoLC)54015063 |
| 856 | 4 | 0 | |z Full text available from Research Library: 12/01/1987 to 2000 |u https://search.proquest.com/publication/17483 |